A Quiz About Video Games - Statistics

General Stats
  • This quiz has been taken 18 times
  • The average score is 5 of 16
Answer Stats
Hint Answer % Correct
Hero who wields a green tunic and sword to save Princess Zelda Link
87%
Spartan supersoldier protagonist in the Halo series Master Chief
67%
Ghost that is red and chases Pac-Man the most aggressively Blinky
53%
Fierce female fighter in Street Fighter using spinning kicks Chun-Li
53%
Italian city where Assassin’s Creed II begins Florence
47%
German city with an underground nightclub called Club Hölle in Hitman 3 Berlin
40%
Girl rescued by Leon Kennedy in Resident Evil 4 Ashley Graham
33%
Grove Street gang member known for his enormous appetite in GTA: San Andreas Big Smoke
33%
Yellow bird in Angry Birds, speeding up when tapped Chuck
33%
Game mechanic in Red Dead Redemption that slows time during gunfights Dead Eye
27%
Giant mutated lizard enemy found in Fallout Deathclaw
13%
First Norse realm Kratos and Atreus explore together Midgard
13%
Main protagonist of Ninja Gaiden, master of the Dragon Sword Ryu Hayabusa
13%
Loyal white horse companion essential in Shadow of the Colossus Agro
7%
Fast-moving flying enemy in Doom II that shoots fireballs Cacodemon
7%
Desert-themed zone in Sonic the Hedgehog, full of quicksand and spikes {Sandopolis} Zone
7%
No matching quizzes found
Score Distribution
Percent of People with Each Score
Percentile by Number Answered
Your Score History
You have not taken this quiz